Who's that Disney character? #2 - Statistics

General Stats
  • This quiz has been taken 2,716 times
  • The average score is 13 of 16
Answer Stats
Picture Answer % Correct
Winnie the Pooh
99%
Tinkerbell
95%
Aladdin
93%
Pinocchio
91%
Olaf
90%
Robin Hood
88%
Wall-E
87%
Remy
86%
Rapunzel
82%
Phineas
81%
Mulan
79%
Merida
78%
Donald Duck
76%
Maleficent
73%
Meg
56%
Carl
53%
No matching quizzes found
Score Distribution
Percent of People with Each Score
Percentile by Number Answered
Your Score History
You have not taken this quiz